Indovina il film d'animazione dal villain - cattivo n.2 - Statistics

Statistiche generali
  • Questo quiz è stato fatto 117 volte
    112 dall'ultimo reset
  • Il punteggio medio è 8 su 15
Statistiche sulle risposte
Villain Film di animazione % Corretto
Regina di Cuori Alice nel Paese delle meraviglie
89%
Grimilde - la Regina Cattiva Biancaneve e i sette nani
81%
Chef Skinner Ratatouille
71%
Maga Magò La spada nella roccia
70%
Shere Khan Il libro della giungla
66%
Rasputin Anastasia
59%
Principe Giovanni Robin Hood
59%
Dottor Facilier La principessa e il ranocchio
52%
Ernesto De La Cruz Coco
49%
Fata Madrina Shrek 2
44%
Madame Medusa Le avventure di Bianca e Bernie
31%
Chick Hicks Cars
28%
Alameda Slim Mucche alla riscossa
24%
Don Lino Shark Tale
22%
Generale Mandibola Z la formica
20%
Nessun quiz corrispondente trovato
Distribuzione punteggi
Percentuale di utenti per punteggio
Percentile per numero di risposta
I tuoi punteggi nel tempo
Non hai fatto questo quiz dall'ultimo reset